[Event "Eynatten 2 - Rochade "]
[Site "Eupen"]
[Date "2011.02.27"]
[Round "9.8"]
[White "Litwak, Aleksej"]
[Black "Huesmann, Thomas"]
[Result "1-0"]
[WhiteElo "2300"]
[BlackElo "2280"]
[PlyCount "95"]
[EventDate "2011.??.??"]

1. e4 e5 2. Nf3 Nc6 3. Bb5 a6 4. Ba4 Nf6 5. O-O b5 6. Bb3 Nxe4 7. d4 d5 8. dxe5
Be6 9. Qe2 Be7 10. Rd1 O-O 11. c4 bxc4 12. Bxc4 dxc4 13. Rxd8 Rfxd8 14. Nc3
Nxc3 15. bxc3 h6 16. Be3 Rd3 17. Ne1 Rd7 18. f4 Rad8 19. Qf3 Bd5 20. Qg4 Ba3
21. Qe2 h5 22. Bc1 Bc5+ 23. Be3 Bxe3+ 24. Qxe3 Ne7 25. Rd1 Be6 26. Rxd7 Rxd7
27. Qf3 g6 28. Qa8+ Kg7 29. Qxa6 Nd5 30. Qxc4 Nb6 31. Qe2 Bc4 32. Qc2 Nd5 33.
f5 Nb6 34. f6+ Kg8 35. a4 Be6 36. Qc1 Kh7 37. Qa3 Kg8 38. Qc1 Kh7 39. Qa3 Kg8
40. a5 Nc4 41. Qb4 Rd8 42. Nf3 Ne3 43. h3 Nd5 44. Qc5 Rb8 45. a6 Rb1+ 46. Kh2
Rb2 47. a7 Nb6 48. Qxb6 1-0

[Event "KBSK - CREC"]
[Site "?"]
[Date "2011.02.27"]
[Round "9.1"]
[White "Maenhout, Thibaut"]
[Black "Eliet, Nicolas"]
[Result "1/2-1/2"]
[WhiteElo "2357"]
[BlackElo "2410"]
[PlyCount "51"]
[EventDate "2011.02.27"]
[SourceDate "2011.02.27"]

1. e4 c6 2. c4 d5 3. exd5 cxd5 4. cxd5 Nf6 5. Nc3 Nxd5 6. Nf3 e6 7. d4 Be7 8.
Bd3 Nc6 9. O-O O-O 10. Re1 Nf6 11. Bg5 b6 12. Qe2 Bb7 13. Rad1 Nb4 14. Bb1 Rc8
15. Ne5 Nfd5 16. Bd2 Nf6 17. Qe3 Qd6 18. Qh3 Rfe8 19. Bg5 g6 20. Qh4 Nh5 21. a3
Nd5 22. Nb5 Qb8 23. g4 Bxg5 24. Qxg5 Nhf4 25. Qh6 Re7 26. g5 1/2-1/2

[Event "CREC - KBSK"]
[Site "?"]
[Date "2011.02.27"]
[Round "9.2"]
[White "Saiboulatov, Danial"]
[Black "Geirnaert, Steven"]
[Result "1/2-1/2"]
[WhiteElo "2399"]
[BlackElo "2356"]
[PlyCount "28"]
[EventDate "2011.02.27"]
[SourceDate "2011.02.27"]

1. e4 e5 2. Nf3 Nc6 3. Bb5 a6 4. Ba4 Nf6 5. O-O Nxe4 6. d4 b5 7. Bb3 d5 8. dxe5
Be6 9. Be3 Bc5 10. Qe2 Ne7 11. Rd1 O-O 12. c3 Nf5 13. Bxc5 Nxc5 14. Bc2 Nh4
1/2-1/2

[Event "KBSK - CREC"]
[Site "?"]
[Date "2011.02.27"]
[Round "9.3"]
[White "Decoster, Frederic"]
[Black "Laurent, Bruno"]
[Result "1/2-1/2"]
[WhiteElo "2302"]
[BlackElo "2306"]
[PlyCount "36"]
[EventDate "2011.02.27"]
[SourceDate "2011.02.27"]

1. e4 e6 2. d4 d5 3. Nc3 Nf6 4. Bg5 dxe4 5. Nxe4 Nbd7 6. Nf3 h6 7. Nxf6+ Nxf6
8. Be3 Nd5 9. Bd3 Nxe3 10. fxe3 Bd6 11. e4 c5 12. e5 Be7 13. Qe2 Bd7 14. O-O-O
Qb6 15. dxc5 Bxc5 16. Nd2 O-O-O 17. Rhf1 Rhf8 18. Qg4 Bb5 1/2-1/2

[Event "CREC - KBSK"]
[Site "?"]
[Date "2011.02.27"]
[Round "9.4"]
[White "Godart, François"]
[Black "Donovan, Linton"]
[Result "1/2-1/2"]
[WhiteElo "2240"]
[BlackElo "2301"]
[PlyCount "40"]
[EventDate "2011.02.27"]
[SourceDate "2011.02.27"]

1. d4 Nf6 2. c4 c5 3. d5 b5 4. cxb5 a6 5. bxa6 g6 6. Nc3 Bxa6 7. g3 d6 8. Bg2
Bg7 9. a4 Nbd7 10. Rb1 Qa5 11. Bd2 O-O 12. b3 Rfb8 13. Nh3 Ng4 14. Na2 Qc7 15.
O-O Ra7 16. Nf4 Nh6 17. Rc1 Bb2 18. Rb1 Bg7 19. Rc1 Bb2 20. Rb1 Bg7 1/2-1/2

[Event "KBSK - CREC"]
[Site "?"]
[Date "2011.02.27"]
[Round "9.5"]
[White "Gryson, Wouter"]
[Black "Sclacmender, Julien"]
[Result "1-0"]
[WhiteElo "2244"]
[BlackElo "2229"]
[PlyCount "117"]
[EventDate "2011.02.27"]
[SourceDate "2011.02.27"]

1. g3 Nf6 2. Bg2 g6 3. e4 d6 4. d4 Bg7 5. Ne2 c5 6. dxc5 Qa5+ 7. Nbc3 Qxc5 8.
Be3 Qa5 9. O-O Nc6 10. h3 O-O 11. g4 Be6 12. Nf4 Bc4 13. Re1 Nd7 14. Qd2 Rab8
15. a3 b5 16. b4 Qa6 17. Nd3 Rfc8 18. f4 Bxd3 19. cxd3 Nd4 20. Nd5 Kf8 21. Ra2
e6 22. e5 dxe5 23. fxe5 Nc6 24. Nf6 Nxf6 25. exf6 Bxf6 26. Qf2 Bg7 27. Rf1 Nd8
28. Bxa7 Rb7 29. Bxb7 Qxb7 30. Bc5+ Kg8 31. d4 Qd5 32. Rd2 Rc7 33. Qg2 Qxg2+
34. Kxg2 Rd7 35. d5 exd5 36. Rfd1 Ne6 37. Kf3 d4 38. h4 h6 39. Ra2 f5 40. Re2
Kf7 41. gxf5 gxf5 42. Rde1 Nxc5 43. bxc5 d3 44. Re3 Bf6 45. c6 Rc7 46. Rxd3
Rxc6 47. h5 Bg5 48. Re5 Rb6 49. Rxf5+ Ke6 50. Ke4 b4 51. Re5+ Kf6 52. Rf3+ Kg7
53. Rb3 Bf6 54. Rxb4 Ra6 55. Rb7+ Kf8 56. Rf5 Ra4+ 57. Kd5 Ra5+ 58. Ke6 Ra6+
59. Kd7 1-0

[Event "KBSK - CREC"]
[Site "?"]
[Date "2011.02.27"]
[Round "9.7"]
[White "Verlinde, Tieme"]
[Black "Lalau, Alexandre"]
[Result "1-0"]
[WhiteElo "2237"]
[BlackElo "2039"]
[PlyCount "71"]
[EventDate "2011.02.27"]
[SourceDate "2011.02.27"]

1. e4 c5 2. Nf3 e6 3. d3 Nc6 4. g3 d6 5. Bg2 g6 6. O-O Bg7 7. c3 Nge7 8. Be3
O-O 9. Nbd2 Rb8 10. a4 a6 11. h3 b5 12. axb5 axb5 13. d4 cxd4 14. cxd4 d5 15.
e5 Nf5 16. Bg5 f6 17. exf6 Bxf6 18. Bxf6 Qxf6 19. Nb3 Bd7 20. Qd3 Rfc8 21. Rfc1
Be8 22. Rc3 Nd6 23. Nc5 b4 24. Rc2 Nd8 25. b3 Bb5 26. Qe3 N8b7 27. Rac1 Nxc5
28. Rxc5 Rxc5 29. Rxc5 Nf7 30. h4 Nd6 31. Ne5 Qd8 32. Ng4 Bd7 33. Qf4 Ne8 34.
Rxd5 Rb5 35. Nh6+ Kg7 36. Qf7+ 1-0

[Event "CREC - KBSK"]
[Site "?"]
[Date "2011.02.27"]
[Round "9.8"]
[White "Romanelli, Robert"]
[Black "Bertrem, Stijn"]
[Result "0-1"]
[WhiteElo "1967"]
[BlackElo "2231"]
[PlyCount "46"]
[EventDate "2011.02.27"]
[SourceDate "2011.02.27"]

1. e4 e6 2. d4 d5 3. Nc3 Bb4 4. Nge2 dxe4 5. a3 Be7 6. Nxe4 Nf6 7. Qd3 O-O 8.
g3 Nxe4 9. Qxe4 Bd7 10. Qd3 Bc6 11. f3 Qd5 12. Bg2 Bb5 13. Qe4 Nc6 14. Qxd5
exd5 15. c3 Rfe8 16. Bf1 Bd6 17. Kf2 Re7 18. Bf4 Rae8 19. Bxd6 Rxe2+ 20. Bxe2
Rxe2+ 21. Kg1 cxd6 22. b3 Na5 23. b4 Nc4 0-1

[Event "Fontaine - Namur"]
[Site "?"]
[Date "2011.02.27"]
[Round "9.1"]
[White "Cekro, Ekrem"]
[Black "Hetey, Laszlo"]
[Result "1/2-1/2"]
[WhiteElo "2400"]
[BlackElo "2339"]
[PlyCount "24"]
[EventDate "2011.02.27"]
[SourceDate "2011.02.27"]

1. c4 c5 2. Nc3 Nc6 3. g3 g6 4. Bg2 Bg7 5. a3 e6 6. e4 Nge7 7. Nge2 O-O 8. O-O
a6 9. Rb1 b5 10. cxb5 axb5 11. b4 cxb4 12. axb4 Rb8 1/2-1/2

[Event "Namur - Fontaine "]
[Site "?"]
[Date "2011.02.27"]
[Round "9.2"]
[White "Geenen, Marc"]
[Black "Claesen, Pieter"]
[Result "1/2-1/2"]
[WhiteElo "2306"]
[BlackElo "2386"]
[PlyCount "41"]
[EventDate "2011.02.27"]
[SourceDate "2011.02.27"]

1. e4 e6 2. d4 d5 3. Nd2 Nf6 4. e5 Nfd7 5. c3 c5 6. Bd3 Nc6 7. Ne2 cxd4 8. cxd4
f6 9. exf6 Nxf6 10. Nf3 Bd6 11. O-O O-O 12. Bf4 Bxf4 13. Nxf4 Ng4 14. Qd2 Qf6
15. Ne2 e5 16. dxe5 Ncxe5 17. Ned4 Nxf3+ 18. Nxf3 Qd6 19. h3 Rxf3 20. hxg4 Rf7
21. f3 1/2-1/2

[Event "Fontaine - Namur"]
[Site "?"]
[Date "2011.02.27"]
[Round "9.3"]
[White "Le Quang, Kim"]
[Black "Henris, Luc"]
[Result "1-0"]
[WhiteElo "2326"]
[BlackElo "2227"]
[PlyCount "65"]
[EventDate "2011.02.27"]
[SourceDate "2011.02.27"]

1. c4 e5 2. g3 c6 3. d4 e4 4. Nc3 d5 5. Bg2 h6 6. f3 exf3 7. Nxf3 Nf6 8. O-O
Be7 9. Ne5 O-O 10. cxd5 cxd5 11. Nd3 Nbd7 12. Nf4 Nb6 13. Qb3 Kh8 14. a4 a5 15.
Ncxd5 Nbxd5 16. Nxd5 Be6 17. e4 Bxd5 18. exd5 Qd7 19. Bd2 Rfd8 20. Rae1 Bb4 21.
Bc3 Ra6 22. Re5 Rb6 23. Qd1 Rd6 24. Ref5 Nxd5 25. Rxf7 Qc8 26. Bxd5 Rxd5 27.
Qf3 R5d7 28. Rf5 Qc4 29. Kg2 b6 30. Qe4 Rd5 31. Rf7 Qc6 32. Bxb4 axb4 33. Rf8+
1-0

[Event "Namur - Fontaine "]
[Site "?"]
[Date "2011.02.27"]
[Round "9.4"]
[White "Denayer, Eric"]
[Black "Jadoul, Michel"]
[Result "1/2-1/2"]
[WhiteElo "2257"]
[BlackElo "2341"]
[PlyCount "76"]
[EventDate "2011.02.27"]
[SourceDate "2011.02.27"]

1. Nf3 g6 2. d4 Bg7 3. c4 d6 4. Nc3 Nf6 5. e4 O-O 6. Be2 Nbd7 7. Bg5 h6 8. Be3
c6 9. h3 e5 10. dxe5 dxe5 11. Qd2 Kh7 12. g4 Qe7 13. g5 Ng8 14. h4 h5 15. O-O-O
Nc5 16. Qd6 Ne6 17. Qxe7 Nxe7 18. Rd2 c5 19. Nd5 Nxd5 20. cxd5 Nd4 21. Ne1 Bd7
22. Nd3 b6 23. Bd1 Rac8 24. f4 exf4 25. Bxf4 Rfe8 26. Nf2 b5 27. Re1 b4 28. e5
Bf5 29. Ne4 Rcd8 30. d6 Rxe5 31. Nf6+ Bxf6 32. Bxe5 Bxe5 33. Rxe5 Rxd6 34. Rxc5
Be6 35. Rc7 Bxa2 36. Rxd4 Rxd4 37. b3 Rxd1+ 38. Kxd1 Bxb3+ 1/2-1/2

[Event "Fontaine - Namur"]
[Site "?"]
[Date "2011.02.27"]
[Round "9.7"]
[White "Mastalerz, Xavier"]
[Black "Poscic, Mark"]
[Result "1/2-1/2"]
[WhiteElo "2130"]
[BlackElo "1832"]
[PlyCount "48"]
[EventDate "2011.02.27"]
[SourceDate "2011.02.27"]

1. Nf3 c5 2. c4 Nf6 3. g3 e6 4. Bg2 d5 5. cxd5 exd5 6. d4 Nc6 7. Nc3 Be6 8. Bg5
Be7 9. O-O Qa5 10. dxc5 Qxc5 11. Rc1 Qa5 12. Nd4 Nxd4 13. Qxd4 Rd8 14. Rfd1 O-O
15. b4 Qa3 16. Nb5 Qxa2 17. Rc7 Qxe2 18. Rxe7 Qxb5 19. Bxf6 gxf6 20. Qxf6 Qxb4
21. Qg5+ Kh8 22. Qf6+ Kg8 23. Qg5+ Kh8 24. Qf6+ Kg8 1/2-1/2

[Event "Amay - Ans"]
[Site "?"]
[Date "2011.02.27"]
[Round "9.2"]
[White "Tan, Matthew"]
[Black "Nijboer, Friso"]
[Result "1/2-1/2"]
[WhiteElo "2369"]
[BlackElo "2584"]
[PlyCount "84"]
[EventDate "2011.02.27"]
[SourceDate "2011.02.27"]

1. e4 c5 2. Nf3 Nc6 3. Bb5 d6 4. O-O Bd7 5. Re1 Nf6 6. h3 g6 7. c3 Ne5 8. Bxd7+
Nfxd7 9. d4 Nxf3+ 10. Qxf3 Bg7 11. Qd3 O-O 12. Be3 Qc7 13. Na3 a6 14. Rac1 Rac8
15. Qb1 b5 16. dxc5 dxc5 17. Red1 Ne5 18. f4 Nd7 19. Rd2 Bh6 20. Rcd1 Nb6 21.
e5 b4 22. cxb4 cxb4 23. Nc2 Nc4 24. Rd7 Qc6 25. R7d4 f6 26. exf6 Qxf6 27. b3
Nxe3 28. Nxe3 Bxf4 29. Nd5 Be3+ 30. Kh1 Qxd4 31. Rxd4 Rc1+ 32. Qxc1 Bxc1 33.
Nxe7+ Kg7 34. Nc6 Rf1+ 35. Kh2 Bf4+ 36. g3 Rf2+ 37. Kg1 Bxg3 38. Rd7+ Kf6 39.
Rd3 Bh4 40. Rd4 Bg3 41. Rd3 Bh4 42. Rd4 Bg3 1/2-1/2

[Event "Ans - Amay"]
[Site "?"]
[Date "2011.02.27"]
[Round "9.3"]
[White "Winants, Luc"]
[Black "Broekmeulen, Jasper"]
[Result "1-0"]
[WhiteElo "2533"]
[BlackElo "2376"]
[PlyCount "55"]
[EventDate "2011.02.27"]
[SourceDate "2011.02.27"]

1. d4 Nf6 2. Nf3 b6 3. Bg5 e6 4. e4 h6 5. Bxf6 Qxf6 6. Bd3 Bb7 7. Nbd2 d6 8.
Qe2 Qd8 9. O-O-O Be7 10. Kb1 a6 11. h4 Nd7 12. h5 c5 13. c3 b5 14. Bc2 Qc7 15.
e5 dxe5 16. dxe5 c4 17. Rhe1 Rb8 18. Nd4 Bd5 19. Qg4 Kf8 20. Be4 Nxe5 21. Qg3
Bf6 22. Bxd5 exd5 23. N2f3 Re8 24. Re3 b4 25. Rde1 bxc3 26. Nxe5 Kg8 27. Ng4
c2+ 28. Kxc2 1-0

[Event "Ans - Amay"]
[Site "?"]
[Date "2011.02.27"]
[Round "9.5"]
[White "Gulbas, Cemil"]
[Black "Memeti, Kastriot"]
[Result "1-0"]
[WhiteElo "2448"]
[BlackElo "2185"]
[PlyCount "65"]
[EventDate "2011.02.27"]
[SourceDate "2011.02.27"]

1. e4 e6 2. d4 d5 3. Nc3 Nf6 4. Bg5 Bb4 5. e5 h6 6. Bd2 Bxc3 7. bxc3 Ne4 8. Qg4
Kf8 9. Bd3 Nxd2 10. Kxd2 c5 11. h4 c4 12. Bf1 Nc6 13. Rh3 Bd7 14. Ne2 b5 15. a3
a5 16. Nf4 Ne7 17. Nh5 Nf5 18. Qf4 b4 19. Be2 bxc3+ 20. Kxc3 a4 21. Rb1 Rb8 22.
Rxb8 Qxb8 23. g4 Qb1 24. Kd2 c3+ 25. Rxc3 Nxh4 26. Qg3 Qh1 27. Rc7 Ke7 28. Qc3
Ng2 29. Qc5+ Ke8 30. Nxg7+ Kd8 31. Rxd7+ Kxd7 32. Qd6+ Kc8 33. Ba6# 1-0

[Event "Amay - Ans"]
[Site "?"]
[Date "2011.02.27"]
[Round "9.6"]
[White "Noiroux, Kevin"]
[Black "Erwich, Marc"]
[Result "0-1"]
[WhiteElo "2166"]
[BlackElo "2415"]
[PlyCount "88"]
[EventDate "2011.02.27"]
[SourceDate "2011.02.27"]

1. d4 Nf6 2. Nf3 e6 3. Bf4 b6 4. e3 Bb7 5. Bd3 Be7 6. h3 Ne4 7. c4 O-O 8. O-O
f5 9. Qc2 d6 10. Nfd2 Nxd2 11. Nxd2 Nd7 12. Bh2 Bf6 13. b4 Qe7 14. Rac1 c5 15.
d5 cxb4 16. dxe6 Nc5 17. Bxf5 g6 18. Be4 Qxe6 19. Bxb7 Nxb7 20. Qe4 Qxe4 21.
Nxe4 Be7 22. Rfd1 Rfd8 23. g4 Rac8 24. f4 Rc6 25. f5 Rdc8 26. f6 Bf8 27. Rb1 a5
28. Rb2 h6 29. Rbd2 Rd8 30. Rd4 Kf7 31. h4 Ke6 32. g5 Rdc8 33. Bf4 hxg5 34.
Nxg5+ Kxf6 35. Rf1 Kg7 36. Be5+ Kg8 37. Bf6 Rxc4 38. Ne6 Rxd4 39. exd4 a4 40.
Rf3 Re8 41. Nf4 Bg7 42. Nd5 Rf8 43. Kf2 b3 44. axb3 a3 0-1

[Event "Amay - Ans"]
[Site "?"]
[Date "2011.02.27"]
[Round "9.8"]
[White "Schut, Donna"]
[Black "Erwich, Frank"]
[Result "0-1"]
[WhiteElo "2101"]
[BlackElo "2321"]
[PlyCount "60"]
[EventDate "2011.02.27"]
[SourceDate "2011.02.27"]

1. e4 e5 2. Nf3 Nc6 3. Bb5 Nge7 4. d3 g6 5. Bg5 Bg7 6. Qd2 h6 7. Be3 f5 8. exf5
gxf5 9. Qe2 O-O 10. Nc3 f4 11. Bd2 d5 12. h3 Nd4 13. Qd1 Nxb5 14. Nxb5 e4 15.
dxe4 dxe4 16. Nh2 c6 17. Nc3 e3 18. fxe3 Nf5 19. O-O fxe3 20. Bc1 Qb6 21. Qe2
Be6 22. Re1 Ng3 23. Qd3 Rad8 24. Bxe3 Rxd3 25. Bxb6 axb6 26. Nf3 Rd6 27. Kh2
Bxc3 28. bxc3 Nh5 29. Nd4 Bd5 30. Re5 Rf2 0-1

[Event "CRELEL - Eynatten 1"]
[Site "601 CRELEL - 604 KSK47 EYNATTE"]
[Date "2011.02.27"]
[Round "9.1"]
[White "Vandevoort, Pascal"]
[Black "Horvath, Jozseph"]
[Result "0-1"]
[WhiteElo "2353"]
[BlackElo "2552"]
[PlyCount "80"]
[EventDate "2011.??.??"]

1. e4 c6 2. d4 d5 3. Nc3 dxe4 4. Nxe4 Bf5 5. Ng3 Bg6 6. h4 h6 7. Nf3 Nf6 8. Ne5
Bh7 9. Bd3 Bxd3 10. Qxd3 e6 11. Bd2 Be7 12. O-O-O O-O 13. Ne2 Nbd7 14. Qg3 Nxe5
15. dxe5 Ne4 16. Qf4 Nxd2 17. Rxd2 Qa5 18. a3 Rad8 19. Rhd1 Rxd2 20. Rxd2 Rd8
21. Nd4 Qa6 22. g3 Qf1+ 23. Rd1 Qc4 24. Qe3 Bc5 25. c3 Bb6 26. h5 Rd5 27. f4
Qa2 28. Rd2 Qa1+ 29. Kc2 Rb5 30. b4 Qxa3 31. Qe4 Qa2+ 32. Kd1 Qa1+ 33. Ke2 Rd5
34. f5 Qxc3 35. fxe6 fxe6 36. Qg6 Rxe5+ 37. Kd1 Qa1+ 38. Kc2 Qa4+ 39. Kd3 c5
40. bxc5 Bxc5 0-1

[Event "Eynatten 1 - CRELEL"]
[Site "604 KSK47 EYNATTEN 1 - 601 CRE"]
[Date "2011.02.27"]
[Round "9.2"]
[White "Drenchev, Petar"]
[Black "Renette, Hans"]
[Result "1/2-1/2"]
[WhiteElo "2514"]
[BlackElo "2323"]
[PlyCount "130"]
[EventDate "2011.??.??"]

1. c4 Nf6 2. Nc3 g6 3. d4 Bg7 4. e4 d6 5. Bd3 O-O 6. Nge2 a6 7. O-O Nbd7 8. Ng3
h5 9. h3 e5 10. d5 h4 11. Nge2 Nh5 12. Be3 f5 13. exf5 gxf5 14. f4 Qf6 15. Qd2
Qg6 16. Rae1 Kh7 17. b4 Ndf6 18. fxe5 dxe5 19. Rf2 Bd7 20. Bb1 Rae8 21. a4 Ng3
22. Nxg3 hxg3 23. Rff1 Kh8 24. a5 Ng4 25. Bc5 Nh2 26. Bxf8 Rxf8 27. Ne2 Nxf1
28. Rxf1 e4 29. Qf4 Qd6 30. Qxd6 cxd6 31. Nxg3 Kg8 32. Ne2 Rc8 33. Ba2 Bh6 34.
Nf4 Kg7 35. g3 Kf6 36. Kf2 Ke5 37. Ne2 Bd2 38. Rb1 Be8 39. Rb2 Bg5 40. Bb3 Bd8
41. Ke3 Bd7 42. h4 b6 43. axb6 Bxb6+ 44. Kd2 a5 45. bxa5 Bxa5+ 46. Kd1 Bb4 47.
Ra2 Bc5 48. Rb2 Rg8 49. Bc2 Be8 50. Rb8 Bf2 51. Kd2 Bf7 52. Rxg8 Bxg8 53. h5
Kf6 54. g4 Bh7 55. Nc3 Bd4 56. Nb5 Bc5 57. gxf5 Bxf5 58. Kc3 Ke5 59. Bd1 Bh7
60. Be2 Bf5 61. Kd2 Bb4+ 62. Kd1 Bc5 63. Nc7 Be3 64. Ne8 Bd7 65. Nc7 Bb6
1/2-1/2

[Event "Eynatten 1 - CRELEL"]
[Site "604 KSK47 EYNATTEN - 601 CRELE"]
[Date "2011.02.27"]
[Round "9.4"]
[White "Koch, Thomas"]
[Black "De Gueldre, Philippe"]
[Result "1/2-1/2"]
[WhiteElo "2429"]
[BlackElo "2135"]
[PlyCount "156"]
[EventDate "2011.??.??"]

1. d4 Nf6 2. c4 e6 3. Nf3 d5 4. Nc3 Be7 5. Bg5 h6 6. Bh4 O-O 7. e3 Ne4 8. Bxe7
Qxe7 9. cxd5 Nxc3 10. bxc3 exd5 11. Qb3 c6 12. Bd3 Nd7 13. Rb1 b6 14. O-O Bb7
15. a4 c5 16. Qa3 Qf6 17. Rfd1 Rfe8 18. a5 c4 19. Bc2 Bc6 20. Rb2 b5 21. Bb1 a6
22. Re1 Qe7 23. Qxe7 Rxe7 24. Bf5 f6 25. Nd2 Nf8 26. f3 Rae8 27. Kf2 g6 28. Bc2
f5 29. f4 Rb7 30. Nf3 Reb8 31. Ne5 Be8 32. Reb1 Kg7 33. Bd1 Rd8 34. Bf3 Rc7 35.
h3 Nd7 36. g4 Nf6 37. Rg1 Ne4+ 38. Bxe4 fxe4 39. Ke1 Rb8 40. Rb4 Kf6 41. Kd2
Bd7 42. Kc2 Rg8 43. Rbb1 Bc8 44. Rg2 Rcg7 45. Rf1 h5 46. Rfg1 hxg4 47. Nxg4+
Bxg4 48. Rxg4 Rh8 49. R1g3 Rh6 50. Rg5 Rd7 51. Kb2 Rdh7 52. Rxd5 Rxh3 53. Rd6+
Ke7 54. Rdxg6 Rxg3 55. Rxg3 Rh2+ 56. Ka3 Rc2 57. Kb4 Kd6 58. Rg6+ Kd5 59. Rxa6
Rb2+ 60. Ka3 Rb3+ 61. Ka2 Rxc3 62. Rb6 Rxe3 63. Rxb5+ Kxd4 64. a6 Re2+ 65. Rb2
Rxb2+ 66. Kxb2 c3+ 67. Kc2 e3 68. a7 e2 69. a8=Q e1=Q 70. Qd8+ Kc5 71. Qf8+ Kd5
72. Qf5+ Kd6 73. Qf6+ Kd5 74. Qd8+ Kc5 75. f5 Qe4+ 76. Kxc3 Qe5+ 77. Kd2 Qd5+
78. Qxd5+ Kxd5 1/2-1/2

[Event "CRELEL - Eynatten 1"]
[Site "601 CRELEL 1 - 604 KSK47 EYNAT"]
[Date "2011.02.27"]
[Round "9.5"]
[White "Gillain, Christophe"]
[Black "Roeder, Mathias"]
[Result "0-1"]
[WhiteElo "2092"]
[BlackElo "2392"]
[PlyCount "102"]
[EventDate "2011.??.??"]

1. d4 Nf6 2. c4 e6 3. Nc3 Bb4 4. e3 O-O 5. Bd3 d5 6. Nf3 c5 7. O-O dxc4 8. Bxc4
Nbd7 9. a3 cxd4 10. exd4 Bxc3 11. bxc3 Qc7 12. Qd3 b6 13. Re1 Bb7 14. Ba2 Rac8
15. Bb2 Qf4 16. Bc1 Qg4 17. h3 Qg6 18. Qxg6 hxg6 19. Bd2 Ne4 20. c4 Nxd2 21.
Nxd2 Rfd8 22. Nf1 Kf8 23. Ne3 Nf6 24. Rad1 Rd7 25. f3 Rcd8 26. Nc2 Ng8 27. Rd2
Ne7 28. Red1 Nc6 29. Kf2 Na5 30. Ne3 Bc6 31. d5 Ba4 32. Re1 Nb7 33. Nd1 Bxd1
34. Rexd1 e5 35. h4 Rc7 36. Ke3 Nd6 37. Rc1 Rdc8 38. Rdc2 Ke7 39. g3 Nf5+ 40.
Kf2 Kd6 41. Rb2 Rc5 42. Re1 Ra5 43. g4 Nxh4 44. Re3 g5 45. Rbe2 Ng6 46. Re1 f6
47. Rh1 Nh4 48. Rd3 Rh8 49. Bb1 Rc5 50. Rc3 Rhc8 51. Bd3 Rxd5 0-1

[Event "Eynatten 1 - CRELEL"]
[Site "604 KSK47 EYNATTEN 1 - 601 CRE"]
[Date "2011.02.27"]
[Round "9.6"]
[White "Polaczek, Richard"]
[Black "Timmermans, Daniel"]
[Result "1-0"]
[WhiteElo "2393"]
[BlackElo "1965"]
[PlyCount "51"]
[EventDate "2011.??.??"]

1. d4 f5 2. Bg5 Nf6 3. Bxf6 exf6 4. e3 d5 5. c4 c6 6. Nc3 Be6 7. cxd5 cxd5 8.
Qb3 Qd7 9. Nge2 g5 10. h4 Nc6 11. Ng3 Bd6 12. Nh5 O-O 13. Bd3 Qf7 14. hxg5 fxg5
15. O-O-O Na5 16. Qa4 Qc7 17. Kb1 a6 18. Rc1 b5 19. Qc2 Nc4 20. g4 Qf7 21. Rcg1
h6 22. Nf4 fxg4 23. Rxh6 gxf4 24. Rgh1 Bf5 25. Bxf5 Qxf5 26. Rg6+ 1-0

[Event "CRELEL - Eynatten 1"]
[Site "601 CRELEL 1 - 604 KSK47 EYNAT"]
[Date "2011.02.27"]
[Round "9.7"]
[White "Valentiny, Benoit"]
[Black "Becker, Marcel"]
[Result "0-1"]
[WhiteElo "2026"]
[BlackElo "2387"]
[PlyCount "64"]
[EventDate "2011.??.??"]

1. Nf3 d5 2. d3 Nc6 3. Nbd2 g6 4. e4 Nf6 5. c3 e5 6. Be2 Bg7 7. O-O a5 8. b3
O-O 9. a3 d4 10. cxd4 Nxd4 11. Bb2 c5 12. Rc1 Qe7 13. Nxd4 cxd4 14. f4 Bh6 15.
fxe5 Be3+ 16. Kh1 Nd7 17. Rc2 Nxe5 18. Nc4 Nxc4 19. dxc4 Qxe4 20. Bf3 Qe5 21.
Re2 Be6 22. Rfe1 Qf4 23. Rf1 Rad8 24. Bd5 Qh4 25. Bxe6 fxe6 26. Qe1 Rxf1+ 27.
Qxf1 Rf8 28. Qe1 Qf4 29. h3 Qf1+ 30. Qxf1 Rxf1+ 31. Kh2 Bf4+ 32. g3 d3 0-1

[Event "Eynatten 1 - CRELEL"]
[Site "604 KSK47 EYNATTEN 1 - 601 CRE"]
[Date "2011.02.27"]
[Round "9.8"]
[White "Juergel, Marcel"]
[Black "Porteman, ERic"]
[Result "1-0"]
[WhiteElo "2240"]
[BlackElo "1954"]
[PlyCount "82"]
[EventDate "2011.??.??"]

1. d4 Nf6 2. Nf3 c5 3. e3 e6 4. Bd3 b6 5. b3 Be7 6. Bb2 Bb7 7. Nbd2 d6 8. Qe2
Nc6 9. c4 Qc7 10. Rc1 O-O 11. O-O Rfe8 12. Ng5 h6 13. f4 Nb4 14. Bb1 Nxa2 15.
Bxa2 hxg5 16. fxg5 Ne4 17. g6 Nf6 18. Bb1 Rf8 19. Rf4 Bc6 20. d5 Be8 21. Bxf6
Bxf6 22. Rxf6 gxf6 23. g7 f5 24. gxf8=Q+ Kxf8 25. e4 f4 26. Qh5 e5 27. g3 fxg3
28. hxg3 Ke7 29. Rf1 Kd8 30. Rf6 Qe7 31. Qh6 Kc7 32. Qg7 a6 33. Nf1 b5 34. Ne3
bxc4 35. Nxc4 Rd8 36. Bd3 Kb8 37. Be2 Qc7 38. Kf2 Ka8 39. Qh6 Qb8 40. Rxd6 Bb5
41. Rxd8 Qxd8 1-0

[Event "Borgerhout - KGSRL"]
[Site "?"]
[Date "2011.02.27"]
[Round "9.1"]
[White "Wemmers, Xander"]
[Black "Van der Stricht, Geert"]
[Result "1-0"]
[WhiteElo "2475"]
[BlackElo "2440"]
[PlyCount "65"]
[EventDate "2011.02.28"]
[SourceDate "2011.02.28"]

1. d4 d5 2. c4 c6 3. Nf3 Nf6 4. e3 Bg4 5. Qb3 Qb6 6. Nc3 e6 7. Nh4 Bh5 8. h3
Nbd7 9. g4 Bg6 10. Nxg6 hxg6 11. Bg2 Be7 12. Bd2 g5 13. O-O-O dxc4 14. Qxc4 Nd5
15. Kb1 O-O 16. Ne2 Qc7 17. e4 N5b6 18. Qc1 c5 19. h4 gxh4 20. g5 Rfc8 21. Rxh4
Nf8 22. d5 Ng6 23. Rh5 exd5 24. exd5 Qe5 25. Nc3 Nc4 26. Rdh1 Bd6 27. Ne4 Nxd2+
28. Qxd2 Re8 29. Nxd6 Qxd6 30. f4 f5 31. gxf6 Qxf4 32. Qxf4 Nxf4 33. f7+ 1-0

[Event "Borgerhout - KGSRL"]
[Site "?"]
[Date "2011.02.27"]
[Round "9.3"]
[White "Vedder, Henk"]
[Black "van Oosterom, Chiel"]
[Result "1-0"]
[WhiteElo "2422"]
[BlackElo "2413"]
[PlyCount "55"]
[EventDate "2011.02.28"]
[SourceDate "2011.02.28"]

1. e4 c5 2. Nf3 Nc6 3. Bb5 Nf6 4. e5 Nd5 5. Nc3 Nc7 6. Bxc6 dxc6 7. d3 h6 8.
O-O Bf5 9. Re1 e6 10. Qe2 Nb5 11. Nxb5 cxb5 12. Be3 Qd7 13. Rad1 Be7 14. d4 c4
15. Bf4 Qd5 16. h3 O-O 17. Nh2 Rfd8 18. Nf1 Bg6 19. Qd2 b4 20. Ne3 Qa5 21. b3
b5 22. d5 exd5 23. Nxd5 Bh4 24. g3 Bh5 25. gxh4 Bf3 26. Bxh6 Qa6 27. Ne7+ Kh7
28. Qg5 1-0

[Event "Borgerhout - KGSRL"]
[Site "?"]
[Date "2011.02.27"]
[Round "9.5"]
[White "Nieto, Emanuel"]
[Black "Tjiam, Dharma"]
[Result "0-1"]
[WhiteElo "2352"]
[BlackElo "2385"]
[PlyCount "80"]
[EventDate "2011.02.28"]
[SourceDate "2011.02.28"]

1. d4 Nf6 2. c4 e6 3. Nc3 Bb4 4. e3 c5 5. Bd3 Nc6 6. Nf3 d5 7. O-O O-O 8. a3
Bxc3 9. bxc3 dxc4 10. Bxc4 Qc7 11. Ba2 e5 12. h3 e4 13. Nh2 Bf5 14. Qe2 Rad8
15. Bb2 Bg6 16. Ng4 Nd7 17. f4 exf3 18. Rxf3 Rde8 19. Raf1 Nb6 20. d5 Ne5 21.
Nxe5 Qxe5 22. c4 Qe4 23. Rd1 Nd7 24. Kh1 Bh5 25. g4 Bg6 26. Bb1 Qe7 27. Bf5
Bxf5 28. gxf5 f6 29. Rg1 Rf7 30. Rg4 Ne5 31. Re4 Qd6 32. Rff4 b5 33. Bxe5 fxe5
34. Rf1 Ref8 35. cxb5 Rxf5 36. Rxf5 Rxf5 37. Qc4 h5 38. h4 Kh8 39. a4 Qf6 40.
Kg2 Qg6+ 0-1

[Event "KGSRL - Borgerhout"]
[Site "?"]
[Date "2011.02.27"]
[Round "9.6"]
[White "Vandenbussche, Thibaut"]
[Black "Vedder, Richard"]
[Result "1-0"]
[WhiteElo "2374"]
[BlackElo "2292"]
[PlyCount "51"]
[EventDate "2011.02.28"]
[SourceDate "2011.02.28"]

1. e4 e6 2. Nf3 d5 3. e5 c5 4. c3 Nc6 5. d4 Bd7 6. Be2 f6 7. O-O fxe5 8. Nxe5
Nxe5 9. dxe5 Qc7 10. Re1 O-O-O 11. Bf4 Nh6 12. a4 Nf7 13. Na3 a6 14. b4 g5 15.
Be3 Be7 16. Rb1 c4 17. a5 Rdf8 18. Bb6 Qb8 19. Nc2 Nxe5 20. Nd4 Rhg8 21. b5
axb5 22. Nxb5 Bxb5 23. Rxb5 g4 24. Qa4 Nc6 25. a6 bxa6 26. Rc5 1-0